000 01096nam a22003491a 4500
999 _c2509
_d2509
001 019554198
003 UkOxU
005 20230622085802.0
008 121009s2013 enka j 000|f eng|d
015 _aGBB2A4999
_2bnb
016 7 _a016191337
_2Uk
020 _a9781405259552 (paperback)
035 _a(Uk)016191337
040 _aStDuBDS
_beng
_cStDuBDS
_dUk
_dKH8
042 _aukblsr
082 0 4 _a813.6 HOU
_223
100 1 _aHouran, Lori Haskins.
_eAuthor
245 1 0 _aFlat Stanley plays ball /
_cLori Haskins Houran ; illustrated by Jon Mitchell ; based on the original character by Jeff Brown.
260 _aLondon :
_bEgmont,
_c2013.
300 _a47 pages :
_bcol. ill. ;
_c23 cm.
336 _atext
_2rdacontent
337 _aunmediated
_2rdamedia
338 _avolume
_2rdacarrier
490 0 _aBlue bananas
500 _aFormerly CIP.
_5Uk
521 1 _a5+.
650 0 _aLambchop, Stanley (Fictitious character)
_vJuvenile fiction.
655 0 _aChildren's stories.
700 1 _aMitchell, Jon
_c(Illustrator)
700 1 _aBrown, Jeff,
_d1926-2003.
942 _2ddc
_cFIC